书目信息 |
| 题名: |
LSAT阅读测试与解题策略
|
|
| 作者: | 范红 , 董连红 编著 | |
| 分册: | ||
| 出版信息: | 北京 国防工业出版社 2004.02 |
|
| 页数: | 296页 | |
| 开本: | 23cm | |
| 丛书名: | 留学英语考试高分阅读系列 | |
| 单 册: | ||
| 中图分类: | H319.4 | |
| 科图分类: | ||
| 主题词: | 英语--阅读教学--研究生--入学考试--美国--自学参考资料 | |
| 电子资源: | ||
| ISBN: | 7-118-03390-1 | |
| 000 | 00930nam2 2200253 450 | |
| 001 | 0133635555 | |
| 005 | 20050907084959.82 | |
| 010 | @a7-118-03390-1@dCNY26.00 | |
| 100 | @a20040709d2004 km y0chiy0120 ea | |
| 101 | 0 | @achi@aeng |
| 102 | @aCN@b110000 | |
| 105 | @ay q 000yy | |
| 200 | 1 | @aLSAT阅读测试与解题策略@ALSAT Yue Du Ce Shi Yu Jie Ti Ce Lue@f范红, 董连红编著@Ffan hong,dong lian hong bian zhu |
| 210 | @a北京@c国防工业出版社@d2004.02 | |
| 215 | @a296页@d23cm | |
| 225 | 2 | @a留学英语考试高分阅读系列 |
| 330 | @a本书介绍了LSAT的一般阅读理论、文章分类方法、提高阅读能力的阅读方法、应试技巧;同时对LSAT文章进行了详细释文、文章评讲等。 | |
| 410 | 0 | @12001 @a留学英语考试高分阅读系列 |
| 606 | 0 | @a英语@x阅读教学@x研究生@x入学考试@y美国@j自学参考资料 |
| 690 | @aH319.4@v4 | |
| 701 | 0 | @a范红@Afan hong@4编著 |
| 701 | 0 | @a董连红@Adong lian hong@4编著 |
| 801 | 0 | @aCN@bQSSK@c20050907 |
| 905 | @a10447@dH319.4@eF112 | |
| LSAT阅读测试与解题策略/范红, 董连红编著.-北京:国防工业出版社,2004.02 |
| 296页;23cm.-(留学英语考试高分阅读系列) |
| ISBN 7-118-03390-1:CNY26.00 |
| 本书介绍了LSAT的一般阅读理论、文章分类方法、提高阅读能力的阅读方法、应试技巧;同时对LSAT文章进行了详细释文、文章评讲等。 |
| ● |
| 相关链接 |
|
|
|
正题名:LSAT阅读测试与解题策略
索取号:H319.4/F112
 
预约/预借
| 序号 | 登录号 | 条形码 | 馆藏地/架位号 | 状态 | 备注 |
| 1 | 561419 | 205614192 | 语言库209/209语言库 14排1列6层/ [索取号:H319.4/F112] | 在馆 | |
| 2 | 561420 | 205614209 | 语言库209/209语言库 14排1列6层/ [索取号:H319.4/F112] | 在馆 | |
| 3 | 561421 | 205614218 | 语言库209/209语言库 14排1列6层/ [索取号:H319.4/F112] | 在馆 |